[Event "Najdorf Memorial"]
[Site "Warsaw POL"]
[Date "2022.07.09"]
[Round "1.1"]
[White "Noe, Christopher"]
[Black "Kazmierowski, Tymon"]
[Result "1-0"]
[BlackElo "1961"]
[WhiteElo "2505"]

1. d4 Nf6 2. c4 e6 3. Nf3 b6 4. Bf4 Bb7 5. e3 Bb4+ 6. Nfd2 O-O 7. a3 Bxd2+ 8. Nxd2 d6 9. Be2 Nbd7 10. O-O e5 11. Bg5 exd4 12. exd4 h6 13. Bh4 Re8 14. Bd3 Qe7 15. Nb1 c5 16. d5 Ne5 17. Nc3 Nxd3 18. Qxd3 Rad8 19. f4 Qe3+ 20. Qxe3 Rxe3 21. Bxf6 gxf6 22. Rae1 Rxe1 23. Rxe1 Kf8 24. Ne4 f5 25. Nc3 a6 26. Rb1 b5 27. b4 cxb4 28. Rxb4 Rc8 29. Kf2 Kg7 30. Ke3 Kg6 31. a4 a5 32. Rxb5 Rxc4 33. Kd3 Rb4 34. Rxa5 Rxf4 35. Ra7 Rb4 36. a5 f4 37. a6 Bc8 38. Ra8 Bf5+ 39. Kd2 Rd4+ 40. Ke1 Rd3 41. a7 1-0

[Event "Najdorf Memorial"]
[Site "Warsaw POL"]
[Date "2022.07.09"]
[Round "1.8"]
[White "Wadelek, Karol"]
[Black "Deszczynski, Adam"]
[Result "0-1"]
[BlackElo "2321"]
[WhiteElo "1944"]

1. d4 Nf6 2. Nf3 g6 3. c4 Bg7 4. Nc3 O-O 5. e4 d6 6. Be2 Na6 7. Bg5 c6 8. O-O h6 9. Bh4 g5 10. Bg3 Nh5 11. Qd2 Nxg3 12. hxg3 e5 13. dxe5 dxe5 14. Qe3 Qe7 15. Rad1 Nc5 16. Nh2 Ne6 17. Bg4 Nd4 18. Bxc8 Rfxc8 19. g4 Qb4 20. Rd2 Qxc4 21. Rfd1 Rd8 22. Nf1 Rd7 23. Ng3 Rad8 24. Kh1 a5 25. Nf5 Nxf5 26. gxf5 Rd4 27. f3 a4 28. a3 Qb3 29. Qe1 Bf6 30. Rxd4 exd4 31. Ne2 d3 32. Nc1 Qxb2 33. Rxd3 Rxd3 34. Nxd3 Qa1 35. Qxa1 Bxa1 36. Kg1 c5 37. Kf1 c4 38. Ne1 Bb2 39. Nc2 h5 40. Ke2 Kg7 41. Ne3 b5 42. Nd5 Bxa3 43. Nc3 Bb2 0-1

[Event "Najdorf Memorial"]
[Site "Warsaw POL"]
[Date "2022.07.09"]
[Round "1.27"]
[White "Praczukowski, Stanislaw"]
[Black "Lee, Hyo"]
[Result "1-0"]
[BlackElo "1818"]
[WhiteElo "2055"]

1. d4 Nf6 2. c4 g6 3. Nc3 Bg7 4. e4 d6 5. Nf3 O-O 6. Be2 e5 7. O-O Nc6 8. dxe5 dxe5 9. Bg5 Bg4 10. Qxd8 Raxd8 11. Nd5 Rd6 12. Bxf6 Bxf6 13. c5 Rxd5 14. exd5 Nb4 15. h3 Bf5 16. Rad1 Nxa2 17. Ra1 Nb4 18. Rxa7 Nxd5 19. Rxb7 e4 20. Nd2 e3 21. fxe3 Nxe3 22. Rf3 Nd5 23. Bc4 Bd4+ 24. Kh1 Rd8 25. g4 Be6 26. Ne4 h6 27. b3 Ra8 28. Rf1 Ra3 29. Rd1 Ra1 30. Rxa1 Bxa1 31. Rb8+ Kg7 32. Rd8 c6 33. Rd6 Bc8 34. Rxc6 Ne7 35. Rc7 Kf8 36. Nd6 1-0

[Event "Najdorf Memorial"]
[Site "Warsaw POL"]
[Date "2022.07.10"]
[Round "2.1"]
[White "Praczukowski, Stanislaw"]
[Black "Noe, Christopher"]
[Result "0-1"]
[BlackElo "2505"]
[WhiteElo "2055"]

1. d4 Nf6 2. c4 e6 3. Nf3 d5 4. Nc3 dxc4 5. e3 a6 6. a4 c5 7. Bxc4 Nc6 8. O-O cxd4 9. exd4 Nb4 10. Bg5 Be7 11. Ne5 O-O 12. Re1 Nfd5 13. Bxe7 Nxe7 14. Qd2 b6 15. Ne4 a5 16. Ra3 Nf5 17. Rd1 Bb7 18. Ng5 Bd5 19. Rh3 h6 20. Ngf3 Rc8 21. Bxd5 Rc2 22. Qf4 Nxd5 23. Qe4 Rxb2 0-1

[Event "Najdorf Memorial"]
[Site "Warsaw POL"]
[Date "2022.07.10"]
[Round "2.7"]
[White "Polak, Michal"]
[Black "Nowak, Lukasz"]
[Result "1/2-1/2"]
[BlackElo "2327"]
[WhiteElo "1944"]

1. e4 c5 2. Nf3 d6 3. d4 cxd4 4. Nxd4 Nf6 5. Nc3 a6 6. Be3 e5 7. Nf3 Be7 8. Bc4 Be6 9. Bb3 Nbd7 10. O-O Rc8 11. Bg5 O-O 12. Qe2 Qc7 13. Bxf6 Nxf6 14. Ng5 Bc4 15. Bxc4 Qxc4 16. Rfe1 b5 17. a3 Rc6 18. Nf3 Rb8 19. Nd2 Qxe2 20. Rxe2 Bd8 21. Nb3 a5 22. a4 b4 23. Nb5 Bb6 24. Rd1 Rd8 25. Kf1 Kf8 26. f3 Ke7 27. Red2 h5 28. h4 g6 29. Ke2 Ne8 30. c3 bxc3 31. Nxc3 Nc7 32. Nd5+ Nxd5 33. Rxd5 Rb8 34. Rb5 Rcc8 35. Rc1 Bd8 36. Rxc8 Rxc8 37. Kd3 Ra8 38. Nd2 Ke6 39. g3 f5 40. exf5+ gxf5 41. Rb7 d5 42. Nb3 Rc8 43. Rb5 Rc4 44. Nc5+ Ke7 45. Nb7 e4+ 46. fxe4 fxe4+ 47. Ke3 Bc7 48. Rxd5 Rxa4 49. Rxh5 Bb6+ 50. Kf4 e3+ 51. Kf3 Rb4 52. Nxa5 Rxb2 53. Re5+ Kf6 54. Rxe3 Bxa5 55. Re2 Rb1 56. Ra2 Bc7 57. Ra6+ Kf5 58. Ra3 Rb2 59. Rd3 Be5 60. Ra3 Rc2 61. Rd3 Bc3 62. Rd5+ Be5 63. Rd3 Rc1 64. Rb3 Bd4 65. Rb8 Rc2 66. Rf8+ Kg6 67. Rg8+ Bg7 68. Ra8 Rb2 69. Ra5 Bf6 70. Rc5 Kf7 71. Ra5 Ke6 72. Ra6+ Kf5 73. g4+ Ke5 74. g5 Bd8 75. Kg4 Rb4+ 76. Kh5 Kf5 77. Ra8 Bc7 78. Rf8+ Ke6 79. g6 Be5 80. Re8+ Kf5 81. Rxe5+ Kxe5 82. g7 Rb8 83. Kg6 Rb6+ 84. Kg5 Rb1 85. Kg6 Rg1+ 86. Kh7 Kf6 87. g8=Q Rxg8 88. Kxg8 Kg6 89. h5+ Kxh5 1/2-1/2

[Event "Najdorf Memorial"]
[Site "Warsaw POL"]
[Date "2022.07.10"]
[Round "2.21"]
[White "Janeczko, Jakub"]
[Black "Lee, Hyuk"]
[Result "1-0"]
[BlackElo "1880"]
[WhiteElo "2080"]

1. e4 e5 2. Nf3 Nf6 3. Nxe5 d6 4. Nf3 Nxe4 5. d3 Nf6 6. d4 d5 7. Bd3 Bd6 8. O-O O-O 9. Re1 Bg4 10. Nbd2 Nbd7 11. Nf1 Re8 12. Rxe8+ Qxe8 13. Ne3 Bh5 14. h3 c6 15. Nf5 Bc7 16. b3 Ne4 17. Ba3 Ndf6 18. Qc1 Qd7 19. Ne7+ Kh8 20. Ne5 Qe6 21. Qf4 Re8 22. g4 g5 23. Qf5 Nd6 24. Qxg5 Qxe7 25. Re1 Qd8 26. Qh6 Bg6 27. Bxg6 fxg6 28. Bxd6 Bxd6 29. Nf7+ Kg8 30. Nxd8 Rxe1+ 31. Kg2 Ne4 32. Ne6 Kf7 33. Ng5+ Nxg5 34. Qxg5 Re7 35. Qd2 Ke8 36. c3 Rf7 37. h4 Bf4 38. Qe2+ Kd7 39. Qf3 h6 40. h5 gxh5 41. gxh5 a6 42. Qg4+ Ke7 43. a4 Kf8 44. Qe6 Bg5 45. c4 dxc4 46. bxc4 Re7 47. Qf5+ Ke8 48. f4 1-0

[Event "Najdorf Memorial"]
[Site "Warsaw POL"]
[Date "2022.07.10"]
[Round "2.25"]
[White "Basiaga, Sebastian"]
[Black "Gorkiewicz, Mateusz"]
[Result "1/2-1/2"]
[BlackElo "2023"]
[WhiteElo "1770"]

1. e4 e5 2. Nf3 Nc6 3. d4 exd4 4. Nxd4 Bc5 5. Nb3 Bb6 6. Nc3 Nf6 7. Qe2 O-O 8. Bg5 h6 9. Bh4 g5 10. Bg3 d5 11. O-O-O d4 12. f3 Be6 13. Qe1 Qe7 14. Na4 Rfd8 15. h4 Bxb3 16. axb3 Ba5 17. Qf2 g4 18. fxg4 Nxe4 19. Qf3 Nxg3 20. Qxg3 Qe3+ 21. Qxe3 dxe3 22. c3 Ne5 23. Be2 Bb6 24. Rh3 Rxd1+ 25. Kxd1 Rd8+ 26. Ke1 Nd3+ 27. Bxd3 Rxd3 28. Rg3 Kg7 29. b4 Kf6 30. Nxb6 cxb6 31. Ke2 Rd2+ 32. Kxe3 Rxb2 33. Rf3+ Kg6 34. g3 a5 35. h5+ Kg7 36. bxa5 bxa5 37. Rf5 b6 38. g5 hxg5 39. Rxg5+ Kh6 40. Rf5 a4 41. Rxf7 Kxh5 42. Ra7 b5 43. c4 bxc4 1/2-1/2

[Event "Najdorf Memorial"]
[Site "Warsaw POL"]
[Date "2022.07.10"]
[Round "2.30"]
[White "Hackner, Oskar A"]
[Black "Zalega, Maciej"]
[Result "0-1"]
[BlackElo "1912"]
[WhiteElo "2178"]

1. Nf3 Nf6 2. b4 e6 3. a3 d5 4. e3 Bd6 5. Bb2 O-O 6. c4 c5 7. bxc5 Bxc5 8. d4 Be7 9. Nbd2 Nc6 10. Bd3 dxc4 11. Nxc4 b5 12. Ncd2 Qb6 13. O-O Bd7 14. Qe2 a6 15. Rfc1 Rfc8 16. Nb3 Na5 17. Nxa5 Qxa5 18. Ne5 Be8 19. f4 Nd5 20. f5 Bg5 21. Rxc8 Rxc8 22. e4 Nf4 23. Qd1 exf5 24. exf5 Nxd3 25. Qxd3 Qd2 26. Qxd2 Bxd2 27. Nf3 Rc2 28. Nxd2 Rxb2 29. Re1 Kf8 30. Nf3 Bc6 31. Ne5 Rxg2+ 32. Kf1 Rc2 33. d5 Be8 34. f6 gxf6 35. Ng4 Rc4 36. Ne3 Rd4 37. Rc1 f5 38. Rc8 f4 39. Ng4 Ke7 40. Ra8 Bd7 41. Nh6 Ra4 42. Ra7 Rxa3 43. Nxf7 Kxf7 44. Rxd7+ Kf6 45. Rxh7 Ke5 46. Rd7 b4 47. d6 b3 48. Ke2 Ra2+ 49. Kd3 Rxh2 50. Rb7 Kxd6 51. Rb6+ 0-1

[Event "Najdorf Memorial"]
[Site "Warsaw POL"]
[Date "2022.07.11"]
[Round "3.21"]
[White "Kaminski, Jan"]
[Black "Praczukowski, Stanislaw"]
[Result "0-1"]
[BlackElo "2055"]
[WhiteElo "1870"]

1. e4 c5 2. Nf3 d6 3. d4 cxd4 4. Nxd4 Nf6 5. Nc3 a6 6. h3 e6 7. g4 Be7 8. g5 Nfd7 9. h4 b5 10. a3 Bb7 11. Be3 Nc6 12. Nxc6 Bxc6 13. Qd4 O-O 14. O-O-O Rb8 15. f4 a5 16. h5 b4 17. Nb1 e5 18. fxe5 dxe5 19. Qd2 bxa3 20. bxa3 Qc7 21. Qc3 Qb7 22. Nd2 Rfc8 23. Bc4 Bxe4 24. Rh4 Bd5 25. h6 Nb6 26. Bxb6 Qxb6 27. Rg4 Bxc4 28. Nxc4 Qb1+ 29. Kd2 Rd8+ 0-1

[Event "Najdorf Memorial"]
[Site "Warsaw POL"]
[Date "2022.07.12"]
[Round "4.26"]
[White "Owoc, Jakub"]
[Black "Siekanska, Maria"]
[Result "1-0"]
[BlackElo "1964"]
[WhiteElo "1756"]

1. e4 c5 2. Nf3 d6 3. d4 cxd4 4. Nxd4 Nf6 5. Nc3 a6 6. Rg1 h5 7. h3 e5 8. Nb3 Be6 9. Be3 Nc6 10. Qd2 b5 11. O-O-O Na5 12. Nd5 Nxb3+ 13. axb3 Bxd5 14. exd5 Qc7 15. f4 Nd7 16. g4 hxg4 17. Rxg4 g6 18. Re1 O-O-O 19. Kb1 Re8 20. c4 Nf6 21. cxb5 Kb8 22. Rc1 Qd7 23. bxa6 Rc8 24. Rxc8+ Qxc8 25. Bb5 Nxg4 26. a7+ Ka8 27. Bc6+ Qxc6 28. dxc6 Bg7 29. Qb4 1-0

[Event "Najdorf Memorial"]
[Site "Warsaw POL"]
[Date "2022.07.13"]
[Round "5.7"]
[White "Backiel, Hubert"]
[Black "Mickiewicz, Piotr"]
[Result "*"]
[BlackElo "2284"]
[WhiteElo "2045"]

1. e4 c5 2. Nf3 e6 3. d4 cxd4 4. Nxd4 Nc6 5. Nc3 Qc7 6. g3 d6 7. Bg2 Nf6 8. O-O Be7 9. Ncb5 Qb8 10. c4 Nxd4 11. Nxd4 O-O 12. b3 a6 13. Bb2 Bd7 14. Qe2 Rd8 15. Kh1 Qc7 16. f4 Be8 17. Rae1 Nd7 18. f5 e5 19. Nc2 b5 20. Ne3 Nf6 21. g4 h6 22. h4 Bc6 23. Nd5 Bxd5 24. cxd5 Nh7 25. Qf2 Rdc8 26. Bc1 Qd8 27. g5 hxg5 28. f6 Bxf6 29. hxg5 Bxg5 30. Qxf7+ Kh8 31. Qh5 Bxc1 32. Rxc1 Qe7 33. Bh3 Rxc1 34. Rxc1 g6 35. Qxg6 Qh4 36. Qg4 Qh6 37. Rc8+ Rxc8 38. Qxc8+ Nf8 39. Kg2 Qd2+ 40. Kg1 Qe1+ 41. Kh2 Qf2+ 42. Kh1 Qe1+ 43. Kh2 Qe2+ 44. Kg1 Qe3+ 45. Kh2 Qf4+ 46. Kg1 Qg3+ 47. Kf1 Qd3+ 48. Kf2 Qd4+ 49. Kf3 Qd1+ 50. Kf2 Qd2+ 51. Kg1 Qe3+ 52. Kh2 Qf4+ 53. Kg1 Qg3+ 54. Kf1 Qf3+ 55. Kg1 b4 56. Bf5 Qe3+ 57. Kf1 Qd3+ 58. Kf2 Qd2+ 59. Kf3 Qd1+ 60. Kg3 Qg1+ 61. Kf3 Qf1+ 62. Ke3 Qg1+ 63. Ke2 Qg2+ 64. Kd3 Qf3+ 65. Kc2 Qe2+ 66. Kb1 Kg8 67. Qc2 Qe1+ 68. Qc1 Qg3 69. Qd2 a5 70. Kb2 Ng6 71. a3 Nf4 72. axb4 axb4 73. Kc2 Ng2 74. Qxb4 Ne3+ 75. Kd2 Qf2+ 76. Kd3 Nxf5 77. exf5 Qf3+ 78. Kc4 Qe2+ 79. Kc3 Qe1+ 80. Kc4 Qf1+ 81. Kc3 Qc1+ 82. Kd3 Qd1+ 83. Kc3 Qf3+ 84. Kc4 Qe4+ 85. Kc3 Qf3+ 86. Kc4 Qf1+ 87. Kc3 Qa1+ 88. Kc2 Qa2+ 89. Kc1 Qa1+ 90. Kc2 Qa2+ 91. Kd3 Qb1+ 92. Ke3 Qg1+ 93. Kf3 Qh1+ 94. Kg4 Qg2+ 95. Kh5 Qxd5 96. Qb8+ Kf7 97. Kg5 Qg2+ 98. Kh4 Qh2+ 99. Kg4 Qf4+ 100. Kh3 Qxf5+ 101. Kg2 Qe4+ 102. Kf2 Qd4+ 103. Ke2 e4 104. Qb5 Kf6 *

[Event "Najdorf Memorial"]
[Site "Warsaw POL"]
[Date "2022.07.13"]
[Round "5.8"]
[White "Golecki, Jan"]
[Black "Raczek, Krzysztof"]
[Result "0-1"]
[BlackElo "2114"]
[WhiteElo "2219"]

1. Nf3 Nf6 2. b3 d6 3. d4 g6 4. Bb2 Bg7 5. g3 O-O 6. Bg2 b5 7. a4 b4 8. Ne5 dxe5 9. Bxa8 c6 10. Qd2 a5 11. dxe5 Nfd7 12. Qe3 Nb6 13. Nd2 Qc7 14. Nc4 Nxa8 15. Qc5 Na6 16. Qxa5 Qb7 17. O-O-O Be6 18. Ne3 c5 19. h4 N8c7 20. h5 Qe4 21. Rh4 Qc6 22. h6 Bh8 23. f4 Ra8 24. f5 gxf5 25. Rf4 Kf8 26. Nxf5 Nd5 27. Qb5 Qxb5 28. axb5 Nxf4 29. gxf4 Bxf5 30. bxa6 Ke8 31. Rg1 Kd7 32. Kd2 Ke6 33. Re1 Be4 34. Ke3 Bg6 35. Ra1 f6 36. a7 fxe5 37. Ra6+ Kd5 38. Kd2 Bf6 39. f5 Bxf5 40. c4+ bxc3+ 41. Bxc3 Bc8 42. Ra5 Kc6 43. b4 cxb4 44. Bxb4 Kb6 45. Ra3 Ba6 46. Rb3 Rd8+ 47. Ke3 Kxa7 48. Bc5+ Ka8 49. Rb6 Bb7 50. Re6 Rd7 51. Rb6 Kb8 52. Rb1 Bg5+ 53. Kf2 Bxh6 54. Rg1 Be4 55. Rg4 Bg6 0-1

[Event "Najdorf Memorial"]
[Site "Warsaw POL"]
[Date "2022.07.13"]
[Round "5.15"]
[White "Rozumek, Krzysztof"]
[Black "Szewczyk, Mariusz"]
[Result "1/2-1/2"]
[BlackElo "2103"]
[WhiteElo "1801"]

1. h3 e5 2. c3 d5 3. d4 Nc6 4. dxe5 Nxe5 5. Nd2 Nf6 6. Ngf3 Ng6 7. e3 Bd6 8. Bd3 O-O 9. O-O c6 10. b3 Bc7 11. Bb2 Be6 12. c4 dxc4 13. Nxc4 b5 14. Nce5 Bd5 15. Qc2 Nxe5 16. Bxe5 Bxf3 17. Bxc7 Qxc7 18. gxf3 Rad8 19. Rfd1 Qe5 20. f4 Qh5 21. Be2 Qxh3 22. Qxc6 Rc8 23. Qg2 Qxg2+ 24. Kxg2 Ne4 25. Bf3 Rfe8 26. Rd7 a6 27. Rad1 g6 28. Ra7 Rc2 29. Bxe4 Rxe4 30. Rdd7 Rxe3 31. Rxf7 Ree2 32. Rg7+ Kf8 33. Rxh7 Rxf2+ 34. Kg3 Rg2+ 35. Kf3 Rgf2+ 1/2-1/2

[Event "Najdorf Memorial"]
[Site "Warsaw POL"]
[Date "2022.07.15"]
[Round "7.18"]
[White "Gorkiewicz, Mateusz"]
[Black "Jaskiewicz, Kacper"]
[Result "1-0"]
[BlackElo "1756"]
[WhiteElo "2023"]

1. e4 c5 2. Nf3 d6 3. d4 cxd4 4. Nxd4 Nf6 5. Nc3 a6 6. a4 e5 7. Nf3 Be7 8. Bg5 Be6 9. Bxf6 Bxf6 10. Nd5 Nd7 11. Bc4 Nb6 12. Nxb6 Qxb6 13. Bxe6 fxe6 14. O-O O-O 15. a5 Qc6 16. Re1 Rfe8 17. c3 Rad8 18. Qb3 Rd7 19. Ra4 d5 20. Rb4 Ree7 21. h3 h6 22. Qa3 Kh7 23. Rb6 Qc4 24. Rd6 Qc7 25. Rb6 Re8 26. Qa4 Rdd8 27. Rd1 Re7 28. Qb4 Kg8 29. Qb3 dxe4 30. Rxd8+ Qxd8 31. Rxe6 Kh8 32. Rxe7 Qxe7 33. Nd2 e3 34. fxe3 Qc5 35. Kf2 Bh4+ 36. Ke2 Bg5 37. c4 Qc6 38. Nf3 Bf6 39. Qb4 Qe4 40. Qb3 Qg6 41. Ne1 Qh5+ 42. Kd2 Qf7 43. Qd3 Qe7 44. Nc2 e4 45. Qb3 Qd7+ 46. Kc1 Bg5 47. Qc3 Qf5 48. Qe1 Qc5 49. b3 Bf6 50. Qd2 Qf5 51. Qe1 Qc5 52. g4 Qe5 53. Nd4 Qh2 54. Qe2 Qxh3 55. Ne6 Qh1+ 56. Qd1 Qg2 57. Qd2 Qg1+ 58. Kc2 Qa1 59. Nc5 Qb2+ 60. Kd1 Qa1+ 61. Qc1 Qxa5 62. Nxe4 Qe5 63. Qc2 Be7 64. Qd3 Qa1+ 65. Ke2 Qb2+ 66. Kf3 Qh2 67. Qd7 Qh3+ 68. Kf4 Bg5+ 69. Nxg5 hxg5+ 70. Ke4 Qh2 71. Qc8+ Kh7 72. Qf5+ Kh6 73. Qe6+ Kh7 74. Kd4 Qd2+ 75. Kc5 Qa5+ 76. Kd6 Qb6+ 77. Ke7 Qc7+ 78. Kf8 Qd8+ 79. Kf7 Qg8+ 80. Ke7 Qb8 81. Qd6 Qc8 82. Qe6 Qc7+ 83. Kf8 Qd8+ 84. Kf7 Qg8+ 85. Ke7 Qb8 86. Qf5+ Kh6 87. Kd7 Qg3 88. Qe6+ Kh7 89. Qe4+ Kg8 90. Qe8+ Kh7 91. Qh5+ Kg8 92. Qxg5 a5 93. Kc8 b6 94. Kb7 Qh2 95. Qd5+ Kf8 96. Qd8+ Kf7 97. Qc7+ 1-0

[Event "Najdorf Memorial"]
[Site "Warsaw POL"]
[Date "2022.07.15"]
[Round "7.19"]
[White "Lee, Hyuk"]
[Black "Dalkowski, Rafal"]
[Result "0-1"]
[BlackElo "2120"]
[WhiteElo "1880"]

1. e4 c6 2. d4 d5 3. f3 dxe4 4. fxe4 e5 5. Nf3 Bg4 6. Bc4 Nd7 7. c3 Ngf6 8. Qb3 Bh5 9. Ng5 Qe7 10. Qxb7 Rb8 11. Qxc6 h6 12. Nf3 exd4 13. O-O dxc3 14. Nxc3 Qc5+ 15. Qxc5 Bxc5+ 16. Kh1 O-O 17. Re1 Rfe8 18. a3 Ng4 19. h3 Nf2+ 20. Kh2 Bxf3 21. gxf3 Ne5 22. Be2 Nfd3 23. Bxd3 Nxf3+ 24. Kg3 Nxe1 25. Bb5 Re6 26. b4 Rg6+ 27. Kf4 Bd4 28. Bd2 Ng2+ 0-1

[Event "Najdorf Memorial"]
[Site "Warsaw POL"]
[Date "2022.07.15"]
[Round "7.20"]
[White "Harazinska, Magdalena"]
[Black "Rozumek, Krzysztof"]
[Result "1-0"]
[BlackElo "1801"]
[WhiteElo "1976"]

1. d4 Nf6 2. Nf3 d5 3. c4 c6 4. Nc3 e6 5. e3 Nbd7 6. Be2 Be7 7. b3 Bb4 8. Bd2 O-O 9. O-O b6 10. a3 Bd6 11. Qc2 Bb7 12. e4 dxe4 13. Nxe4 Nxe4 14. Qxe4 Re8 15. Bc3 Qf6 16. Ne5 Bxe5 17. dxe5 Nc5 18. Qe3 Qh4 19. b4 Na4 20. Bd4 Rac8 21. c5 Red8 22. Rad1 b5 23. f4 Rc7 24. g3 Qe7 25. Ba1 Rxd1 26. Rxd1 Bc8 27. Rd6 Bd7 28. Bd3 a5 29. bxa5 Ra7 30. Qd4 Be8 31. Be4 g6 32. Bxc6 Bxc6 33. Rxc6 Rxa5 34. Rc8+ Kg7 35. Qd6 Ra7 36. Bd4 Rd7 37. c6 Rxd6 38. exd6+ 1-0

[Event "Najdorf Memorial"]
[Site "Warsaw POL"]
[Date "2022.07.15"]
[Round "7.21"]
[White "Siekanska, Maria"]
[Black "Siekanska, Zuzanna"]
[Result "1/2-1/2"]
[BlackElo "1712"]
[WhiteElo "1964"]

1. d4 Nf6 2. c4 e6 3. Nc3 Bb4 4. e3 O-O 5. Nge2 d5 6. a3 Be7 7. Ng3 c5 8. dxc5 dxc4 9. Qc2 Qa5 10. Bxc4 Qxc5 11. Be2 Qc7 12. O-O Nbd7 13. e4 Ne5 14. Be3 Neg4 15. Bd2 h5 16. h3 h4 17. hxg4 hxg3 18. g5 gxf2+ 19. Rxf2 Nh7 20. g6 fxg6 21. Nd5 Qxc2 22. Nxe7+ Kh8 23. Nxg6+ Kg8 24. Ne7+ Kh8 25. Ng6+ Kg8 26. Ne7+ Kh8 27. Ng6+ Kg8 28. Ne7+ 1/2-1/2

[Event "Najdorf Memorial"]
[Site "Warsaw POL"]
[Date "2022.07.15"]
[Round "7.22"]
[White "Pancewicz, Szymon"]
[Black "Jedrusik, Adam"]
[Result "0-1"]
[BlackElo "1960"]
[WhiteElo "1756"]

1. e4 c6 2. d4 d5 3. Nc3 a6 4. Bd3 dxe4 5. Nxe4 Nf6 6. Nxf6+ gxf6 7. c3 Qd5 8. f3 Bf5 9. Ne2 Bxd3 10. Qxd3 Nd7 11. c4 Qd6 12. Bf4 e5 13. Bg3 Qb4+ 14. Nc3 O-O-O 15. d5 Bc5 16. O-O-O Bd4 17. Rd2 Bxc3 18. Qxc3 Qxc3+ 19. bxc3 Nb6 20. dxc6 bxc6 21. c5 Rxd2 22. Kxd2 Rd8+ 23. Ke2 Nc4 24. Rd1 Rxd1 25. Kxd1 Kd7 26. Ke2 Ke6 27. Kd3 Kd5 28. Bh4 f5 29. Be7 e4+ 30. Ke2 Ne5 31. Ke3 h5 32. h3 f4+ 33. Ke2 f5 34. Bd6 Nd3 35. Kd2 Kc4 36. h4 a5 37. g3 e3+ 38. Ke2 fxg3 39. Kxe3 f4+ 0-1

[Event "Najdorf Memorial"]
[Site "Warsaw POL"]
[Date "2022.07.15"]
[Round "7.23"]
[White "Vanduyfhuys, Igor"]
[Black "Niezhentsev, Kyrylo"]
[Result "0-1"]
[BlackElo "1721"]
[WhiteElo "1959"]

1. e4 c5 2. Nf3 d6 3. d4 Nf6 4. Nc3 cxd4 5. Nxd4 a6 6. Be2 e5 7. Nb3 Be7 8. O-O O-O 9. Kh1 b5 10. a4 b4 11. Nd5 Bb7 12. Be3 Nbd7 13. Bf3 Nxd5 14. exd5 a5 15. Re1 f5 16. Be2 Nf6 17. Bg5 Ne4 18. Be3 f4 19. f3 Bh4 20. fxe4 Bxe1 21. Bb6 Qxb6 22. Qxe1 Qe3 23. Nd2 Qc5 24. Bd3 Ba6 25. Bxa6 Rxa6 26. Qe2 Ra7 27. Nc4 Raf7 28. Rf1 Rf6 29. b3 Qc7 30. Qf3 Rh6 31. Qg4 Qd8 32. Kg1 f3 33. Rxf3 Rxf3 34. Qxf3 Qh4 35. h3 Qe1+ 36. Kh2 Rf6 37. Qg4 h6 38. Qc8+ Kh7 0-1

[Event "Najdorf Memorial"]
[Site "Warsaw POL"]
[Date "2022.07.15"]
[Round "7.24"]
[White "Owoc, Jakub"]
[Black "Starosciak, Szymon"]
[Result "1-0"]
[BlackElo "1901"]
[WhiteElo "1756"]

1. e4 c5 2. c3 Nf6 3. e5 Nd5 4. Nf3 Nc6 5. Bc4 e6 6. d4 cxd4 7. cxd4 d6 8. O-O Be7 9. Qe2 O-O 10. Qe4 Bd7 11. Bb3 Rc8 12. Nc3 Nxc3 13. bxc3 Na5 14. Qg4 g6 15. Bh6 Rxc3 16. Bxf8 Bxf8 17. Qf4 d5 18. Rfc1 Rxc1+ 19. Rxc1 Ba3 20. Ng5 Be8 21. Rc3 Be7 22. Nxh7 Kxh7 23. Rh3+ Kg8 24. Qh6 Bf6 25. Qh7+ Kf8 26. exf6 Qxf6 27. Qh8+ Qxh8 28. Rxh8+ Ke7 29. g4 Bb5 30. Rc8 Kf6 31. h4 Nc6 32. Rc7 Nxd4 33. Rxb7 a6 34. Kg2 Ne2 35. a4 Bd3 36. Kf3 d4 37. g5+ Ke5 38. Rxf7 Nc3 39. Rf6 Be4+ 40. Kg3 Bf5 41. f4+ Kd6 42. Rf8 Ke7 43. Rc8 e5 44. Rc7+ Kd6 45. h5 gxh5 46. Rf7 Ne4+ 47. Kg2 Bg6 48. Rb7 Bf5 49. g6 Nc5 50. g7 Bh7 51. Rb6+ Ke7 52. g8=Q 1-0

[Event "Najdorf Memorial"]
[Site "Warsaw POL"]
[Date "2022.07.15"]
[Round "7.25"]
[White "Haliniak, Wojciech"]
[Black "Pires, Emanuel Joao Robarts"]
[Result "1-0"]
[BlackElo "2062"]
[WhiteElo "1827"]

1. e4 e6 2. f4 d5 3. Nc3 Nf6 4. e5 Nfd7 5. Nf3 c5 6. d4 Nc6 7. Ne2 cxd4 8. Nexd4 Be7 9. Be3 a6 10. Qd2 Nc5 11. O-O-O Ne4 12. Qe1 Bd7 13. Kb1 Rc8 14. Bd3 Nc5 15. g4 Nb4 16. f5 Qb6 17. Qd2 O-O 18. Bg5 f6 19. exf6 gxf6 20. fxe6 Nbxd3 21. cxd3 Ba4 22. Nf5 Rc7 23. Bf4 Bxd1 24. Bxc7 Qxc7 25. Rxd1 Bd6 26. Re1 Bf4 27. Qc3 Re8 28. Qxf6 Nxe6 29. N3d4 Nf8 30. Ne7+ Rxe7 31. Qxe7 Qb6 32. Ne6 Nxe6 33. Qxe6+ Qxe6 34. Rxe6 Bxh2 35. Rb6 Kg7 36. Rxb7+ Kg6 37. Rd7 Kg5 38. Rxh7 Be5 39. Rh5+ Kf4 40. Rf5+ 1-0

[Event "Najdorf Memorial"]
[Site "Warsaw POL"]
[Date "2022.07.15"]
[Round "7.26"]
[White "Lasota, Adam"]
[Black "Liberadzki, Slawomir"]
[Result "1/2-1/2"]
[BlackElo "2035"]
[WhiteElo "1892"]

1. d4 d5 2. Bf4 Nf6 3. e3 c5 4. c3 Nc6 5. Nd2 Qb6 6. Qb3 c4 7. Qc2 Bg4 8. Be2 Bh5 9. Bxh5 Nxh5 10. Ne2 e6 11. e4 Nxf4 12. Nxf4 Bd6 13. e5 Be7 14. O-O O-O 15. Rae1 Rae8 16. Re3 Bg5 17. Rh3 g6 18. Ne2 Bxd2 19. Qxd2 f6 20. exf6 Rxf6 21. Re3 Ref8 22. f3 Kg7 23. Kh1 Ne7 24. Ng3 Nf5 25. Re5 Nxg3+ 26. hxg3 Rf5 27. Qe2 Qd6 28. Rxf5 gxf5 29. f4 Rf6 30. Kg1 b5 31. a3 a5 32. Kf2 Qb6 33. Rh1 b4 34. axb4 axb4 35. Ra1 bxc3 36. bxc3 Rf8 37. Re1 Rf6 38. g4 fxg4 39. Qxg4+ Rg6 40. Qh3 Qb2+ 41. Re2 Qc1 42. Re3 Qd2+ 43. Kg1 Qc1+ 44. Kf2 Qd2+ 45. Kg1 Qc1+ 46. Kf2 Rf6 47. Qg4+ Rg6 1/2-1/2

[Event "Najdorf Memorial"]
[Site "Warsaw POL"]
[Date "2022.07.15"]
[Round "7.27"]
[White "Goraj, Barbara"]
[Black "Stachecki, Mikolaj"]
[Result "1-0"]
[BlackElo "1918"]
[WhiteElo "2035"]

1. e4 e5 2. Nf3 Nc6 3. Bb5 Nf6 4. d3 Bc5 5. O-O d6 6. c3 O-O 7. Re1 Ne7 8. Bg5 Ng6 9. d4 Bb6 10. Nh4 h6 11. Nxg6 fxg6 12. Bc4+ Kh7 13. Bh4 g5 14. Bg3 exd4 15. cxd4 Nxe4 16. Rxe4 d5 17. Bxd5 Qxd5 18. Nc3 Qf7 19. Qe2 Bf5 20. Re7 Qg6 21. Bxc7 Bxd4 22. Be5 Bd3 23. Rxg7+ Qxg7 24. Qxd3+ Qg6 25. Qxd4 Rad8 26. Qxa7 Rd2 27. Qxb7+ Rf7 28. Qc8 Qf5 29. Qh8+ Kg6 30. Ne4 Rd3 31. Qg8+ Kh5 32. Ng3+ Rxg3 33. Bxg3 1-0

[Event "Najdorf Memorial"]
[Site "Warsaw POL"]
[Date "2022.07.15"]
[Round "7.28"]
[White "Kulpa, Zuzanna"]
[Black "Lee, Hyo"]
[Result "0-1"]
[BlackElo "1818"]
[WhiteElo "1985"]

1. d4 Nf6 2. c4 g6 3. Nc3 Bg7 4. e4 d6 5. f3 O-O 6. Bg5 c5 7. d5 e6 8. Qd2 exd5 9. cxd5 a6 10. a4 h6 11. Be3 Re8 12. Nge2 Nbd7 13. Nc1 Nxe4 14. Nxe4 Qe7 15. Kf2 f5 16. Bd3 fxe4 17. Bxe4 Ne5 18. Qc2 Ng4+ 19. fxg4 Qxe4 20. Qxe4 Rxe4 21. h3 Bxb2 22. Rb1 Bd4 23. Bxd4 Rxd4 24. Ne2 Rxa4 25. Rb6 Bd7 26. Rxd6 Be8 27. Rc1 Rc8 28. Rb6 Rc7 29. Kg1 Re7 30. Ng3 Rb4 31. Rd6 Rd7 32. Rxd7 Bxd7 33. Rxc5 Kf7 34. Rc2 a5 35. Ne2 a4 36. Ra2 b5 37. Kf2 Rb3 38. d6 a3 39. Ke1 Be6 40. Kd2 Rxh3 41. Rc2 Rh4 42. Rc7+ Kf6 43. Nd4 a2 44. Ra7 Rxg4 45. Nxb5 Rxg2+ 46. Kc3 Rg1 47. d7 Bxd7 48. Ra6+ Kg7 0-1

[Event "Najdorf Memorial"]
[Site "Warsaw POL"]
[Date "2022.07.15"]
[Round "7.29"]
[White "Kotowicz, Kamil"]
[Black "Murchadha, Oissine"]
[Result "1/2-1/2"]
[BlackElo "1984"]
[WhiteElo "1770"]

1. d4 d5 2. Nf3 Nf6 3. c4 e6 4. Nc3 Be7 5. Bf4 O-O 6. e3 Nbd7 7. Bd3 dxc4 8. Bxc4 a6 9. a4 Nb6 10. Bd3 Nbd5 11. Bg3 c5 12. O-O cxd4 13. Nxd4 Nxc3 14. bxc3 Nd5 15. Qc2 Qa5 16. Rfc1 g6 17. e4 Nb6 18. Nb3 Qh5 19. Be2 Qh6 20. Rd1 Qg7 21. Na5 Bf6 22. Rab1 Nd7 23. Nxb7 Bxb7 24. Rxb7 Nc5 25. Rc7 Rfc8 26. Rxc8+ Rxc8 27. c4 Bd4 28. Rb1 e5 29. Bg4 Re8 30. h3 Qf6 31. a5 Qc6 32. Bf3 Nd7 33. Bh4 Qc7 34. Qa4 Rf8 35. Be7 Re8 36. Ba3 Rd8 37. Be7 Re8 38. Ba3 Rd8 39. Be7 1/2-1/2

[Event "Najdorf Memorial"]
[Site "Warsaw POL"]
[Date "2022.07.15"]
[Round "7.30"]
[White "Bartodziej, Bartosz"]
[Black "Pettersson, Alexander"]
[Result "1-0"]
[BlackElo "1968"]
[WhiteElo "1809"]

1. e4 c6 2. d4 d5 3. Nc3 dxe4 4. Nxe4 Nf6 5. Nxf6+ exf6 6. c3 Bd6 7. Bd3 O-O 8. Ne2 Re8 9. Qc2 h5 10. O-O h4 11. h3 Nd7 12. Bf4 Nf8 13. Bxd6 Qxd6 14. Rae1 Be6 15. f4 Rad8 16. f5 Bc8 17. Qd2 Re7 18. Rf4 Rde8 19. Rxh4 Re3 20. Rf1 c5 21. Nf4 cxd4 22. Qd1 Nd7 23. Bc4 Ne5 24. Qh5 Kf8 25. Qxf7+ Nxf7 26. Ng6+ Kg8 27. Rh8# 1-0

[Event "Najdorf Memorial"]
[Site "Warsaw POL"]
[Date "2022.07.15"]
[Round "7.31"]
[White "Kaczmarska, Joanna"]
[Black "Hertlein, Irena"]
[Result "1-0"]
[BlackElo "1850"]
[WhiteElo "1965"]

1. Nf3 d5 2. g3 e6 3. Bg2 c5 4. d3 Nc6 5. O-O Nf6 6. Nbd2 Be7 7. e4 O-O 8. Qe2 b5 9. a4 bxa4 10. e5 Nd7 11. Rxa4 Qc7 12. Re1 Nb4 13. Qd1 Nc6 14. Qe2 Nb4 15. Nf1 Nb6 16. Ra1 c4 17. dxc4 Qxc4 18. c3 Qxe2 19. Rxe2 Nd3 20. Bg5 Bxg5 21. Nxg5 Nc4 22. b3 Ncxe5 23. f4 Nc6 24. b4 a5 25. b5 Nd8 26. Rd1 Nc5 27. c4 h6 28. cxd5 exd5 29. Rxd5 Ncb7 30. Nh3 Be6 31. Rde5 Rb8 32. f5 Bc4 33. R2e4 Bb3 34. Nd2 f6 35. Re7 Bc2 36. Rg4 g5 37. fxg6 h5 38. Bd5+ 1-0